|
|
|
|
| LEADER |
01799nam a2200469 i 4500 |
| 001 |
nkc20203171204 |
| 003 |
CZ PrNK |
| 005 |
20200220131620.0 |
| 007 |
ta |
| 008 |
200115s2019 xr f f 001 0 eng |
| 015 |
|
|
|a cnb003171204
|
| 020 |
|
|
|a 978-80-7378-404-1
|q (brožováno)
|
| 035 |
|
|
|a (OCoLC)1143810816
|
| 040 |
|
|
|a OLA001
|b cze
|e rda
|
| 072 |
|
7 |
|a 519.1/.8
|x Kombinatorika. Teorie grafů. Matematická statistika. Operační výzkum. Matematické modelování
|2 Konspekt
|9 13
|
| 080 |
|
|
|a 519.673
|2 MRF
|
| 080 |
|
|
|a 004.659
|2 MRF
|
| 080 |
|
|
|a (048.8:082)
|2 MRF
|
| 080 |
|
|
|a (035)
|2 MRF
|
| 245 |
0 |
0 |
|a Discrete compositional models for data mining /
|c Radim Jiroušek, Václav Kratochvíl, et al.
|
| 264 |
|
1 |
|a Prague :
|b Matfyzpress,
|c 2019
|
| 300 |
|
|
|a viii, 128, 42 stran ;
|c 25 cm
|
| 336 |
|
|
|a text
|b txt
|2 rdacontent
|
| 337 |
|
|
|a bez média
|b n
|2 rdamedia
|
| 338 |
|
|
|a svazek
|b nc
|2 rdacarrier
|
| 500 |
|
|
|a Nad názvem: Czech Academy of Sciences, Institute of Information Theory and Automation
|
| 504 |
|
|
|a Obsahuje bibliografii a rejstřík
|
| 650 |
0 |
7 |
|a matematické modelování
|7 ph115240
|2 czenas
|
| 650 |
0 |
7 |
|a dolování dat
|7 ph165954
|2 czenas
|
| 650 |
0 |
9 |
|a mathematical modeling
|2 eczenas
|
| 650 |
0 |
9 |
|a data mining
|2 eczenas
|
| 653 |
0 |
|
|a kompozicionální modely
|
| 655 |
|
7 |
|a kolektivní monografie
|7 fd501537
|2 czenas
|
| 655 |
|
9 |
|a collective monographs
|2 eczenas
|
| 700 |
1 |
|
|a Jiroušek, Radim
|7 mzk2003183297
|4 edt
|
| 700 |
1 |
|
|a Kratochvíl, Václav
|7 xx0141368
|4 edt
|
| 710 |
2 |
|
|a Ústav teorie informace a automatizace (Akademie věd ČR)
|7 kn20010709226
|4 isb
|
| 910 |
2 |
|
|a BOA001
|b 2-1439.987
|
| 990 |
|
|
|a BK
|
| 995 |
|
|
|a 01
|
| 991 |
|
|
|b 202002
|c NOV
|
| 996 |
6 |
|
|b 2610813245
|c 2-1439.987
|l MZK
|r Sklad / do 1 hodiny
|n 0
|p p.v.
|w 001779096
|u 000010
|a 1
|e BOA001
|j MZK50
|s P
|